MESTSKÁ KNIŽNICA GIRALTOVCE  - online katalóg 

Fotografické videnie a zobrazovanie (Record no. 14975)

000 -NÁVESTIE
fixed length control field 00778nam a2200229 a 4500
008 - ÚDAJE S PEVNOU DĹŽKOU – VŠEOBECNÉ INFORMÁCIE
fixed length control field 951122s1986||||[C 0 slo c
020 ## - MEDZINÁRODNÉ ŠTANDARDNÉ ČÍSLO KNIHY (ISBN)
Údaje o dostupnosti 53 Kčs.
Qualifying information (5000 výtl.)
040 ## - ZDROJ KATALOGIZÁCIE
Pôvodná katalogizujúca agentúra SNK
Jazyk katalogizácie slo
Prepisujúca agentúra SNK
Konvencie popisu AACR2
041 1# - KÓD JAZYKA
Kód jazyka textu/zvukovej stopy alebo samostatných nápisov slo
Kód jazyka originálu a/alebo sprostredkujúcich prekladov textu slo
044 ## - KÓD KRAJINY VYDAVATEĽA/PRODUCENTA
Kód krajiny MARC xo
Kód krajiny ISO SK
080 ## - ČÍSLO MEDZINÁRODNÉHO DESATINNÉHO TRIEDENIA (MDT)
Číslo Medzinárodného desatinného triedenia (MDT) 77.03/.05(035)
100 1# - OSOBNÉ MENÁ – VŠEOBECNÉ INFORMÁCIE
Osobné meno Noel, Ladislav
Kód roly aut
245 10 - NÁZOV
Názov Fotografické videnie a zobrazovanie
Údaj o zodpovednosti atď. Ladislav Noel ; Zdena Vojtková, Peter Ďurík
250 ## - ÚDAJ O PORADÍ VYDANIA
Údaj o poradí vydania 2., vyd.
260 ## - VYDAVATEĽSKÉ ÚDAJE, DISTRIBÚCIA ATĎ.
Miesto publikovania, distribúcie atď. Martin
Názov vydavateľa, distibútora atď. Osveta
Dátum publikovania, distribúcie atď. 1986
Miesto výroby Martin
Výrobca Tlačiarne SNP
300 ## - FYZICKÝ POPIS
Rozsah 191 s., 21,18 AH
Ďalšie fyzické detaily Sch. Fot. Obr.
Rozmery 21 cm
490 0# - EDÍCIA
Edícia Fotografická a filmová tvorba
500 ## - VŠEOBECNÁ POZNÁMKA
Formátovaná poznámka o obsahu Č. 5. Lit. 46. Fot. na front. 46 zázn. v slov., češ., nem. a angl.
700 1# - PRIDANÝ VSTUP – OSOBNÉ MENO
Osobné meno Vojtková, Zdena
Kód roly bkd
700 1# - PRIDANÝ VSTUP – OSOBNÉ MENO
Osobné meno Ďurík, Peter
Dátumy súvisiace s menom 1947-
Kód roly bkd
958 ## - Formálny deskriptor
Formálny deskriptor A
Holdings
Stav stiahnutia (Blokovanie) (Withrawn status) Stav straty Stav poškodenia (Damaged status) Nie pre výpožičky (Not for loan) Spôsob nadobudnutia (Collection code) Trvalé umiestnenie Aktuálne umiestnenie Dátum nadobudnutia Náklady, bežná kúpna cena Inventárne číslo (prírastkové číslo) Full call number Dátum posledného výskytu Cena s účinnosťou od Typ jednotky Koha
        Kúpa Mestská knižnica Giraltovce Mestská knižnica Giraltovce 2019-11-29 53.00 14013 I 0112 2019-11-29 2019-11-29 Odborná literatúra pre dospelých

Powered by Koha